000 00850nam a2200265 i 4500
001 000045233
003 DO-SdBNP
005 20250917132409.0
007 ta
008 150212s2000 dr 000 0 spa d
020 _z9993401234
040 _aDO-SdBNP
_bspa
_cBNPHU
_erda
041 _aspa
082 4 _axxx
_bR457al
_222
100 1 _aReyes, Freddy
_eautor
_4aut.
_910802
245 1 3 _aLa alegría de vivir /
_cFreddy Reyes ; prólogo Héctor E. Mateo M.
264 _aSanto Domingo, República Dominicana :
_bEditora Búho,
_c2000.
300 _a150 páginas ;
_c23 cm.
336 _atexto
_btxt
_2rdacontent
337 _asin mediación
_bn
_2rdamedia
338 _avolumen
_bnc
_2rdacarrier
500 _aIncluye datos biográficos del autor en las solapas
700 1 _aMateo M., Héctor E.,
_eprologuista
_918250
_4pr.
942 _2ddc
_cLBS1
999 _c44722
_d44722